[Event "Titled Tuesday intern op 16th Jan Late"]
[Site "Chess.com INT"]
[Date "2024.01.16"]
[Round "3"]
[White "Lee, Linden"]
[Black "Alfaro Caracas, William"]
[Result "1-0"]
[WhiteElo "2173"]
[BlackElo "2088"]
[PlyCount "87"]
[EventDate "2024.01.16"]
[EventType "swiss (blitz)"]
[EventRounds "11"]
[EventCountry "USA"]
[SourceTitle "CB04_2024"]
[SourceDate "2023.10.16"]
[SourceVersion "1"]
[SourceVersionDate "2023.10.16"]
[SourceQuality "1"]

1. d4 Nf6 2. c4 e6 3. Nc3 d5 4. cxd5 exd5 5. Bg5 Be7 6. e3 Nbd7 7. Bd3 0-0 8. Nge2 Re8 9. 0-0 c6 10. Qc2 Nf8 11. f3 Nh5 12. Bxe7 Qxe7 13. e4 dxe4 14. fxe4 Be6 15. Rae1 Rad8 16. e5 g6 17. Ne4 Bf5 18. Nd6 Rxd6 19. Bxf5 Rdd8 20. Bd3 Ne6 21. Bc4 Rf8 22. Qc3 Nhg7 23. Rd1 Nf5 24. Rxf5 gxf5 25. Ng3 Qg5 26. h4 Qg4 27. Be2 Qxh4 28. Nxf5 Qg5 29. Nd6 Kh8 30. Bc4 Nf4 31. Qf3 f6 32. Ne4 Qf5 33. Nxf6 Rxf6 34. exf6 Qxf6 35. Qe4 Ng6 36. d5 cxd5 37. Rxd5 Qb6+ 38. Kh2 Qf6 39. Rxd8+ Qxd8 40. Bd5 Qf6 41. Qe8+ Kg7 42. Qd7+ Kh6 43. Qh3+ Kg7 44. Qc3 1-0

[Event "Titled Tuesday intern op 19th Sep Late"]
[Site "Chess.com INT"]
[Date "2023.09.19"]
[Round "4"]
[White "Alfaro Caracas, William"]
[Black "Medeiros, Francisco de Assis"]
[Result "0-1"]
[WhiteElo "2105"]
[BlackElo "2075"]
[PlyCount "44"]
[EventDate "2023.09.19"]
[EventType "swiss (blitz)"]
[EventRounds "11"]
[EventCountry "USA"]
[SourceTitle "EXT 2024"]
[Source "ChessBase"]
[SourceDate "2023.10.10"]
[SourceVersion "1"]
[SourceVersionDate "2023.10.10"]
[SourceQuality "1"]

1. e4 c6 2. d4 d5 3. exd5 cxd5 4. c4 Nf6 5. Nc3 Nc6 6. Nf3 Be6 7. c5 g6 8. Bb5 Bg7 9. 0-0 Bg4 10. h3 Bxf3 11. Qxf3 0-0 12. Bxc6 bxc6 13. Bf4 Nd7 14. Rad1 Re8 15. Rfe1 e5 16. dxe5 Nxe5 17. Qg3 Nc4 18. b3 Na3 19. Ne4 Qa5 20. Nd6 Rxe1+ 21. Rxe1 Qxe1+ 22. Kh2 Nc2 0-1

[Event "Titled Tuesday intern op 12th Sep Late"]
[Site "Chess.com INT"]
[Date "2023.09.12"]
[Round "11"]
[White "Brilej, Jaka"]
[Black "Alfaro Caracas, William"]
[Result "1-0"]
[WhiteElo "2306"]
[BlackElo "2105"]
[PlyCount "79"]
[EventDate "2023.09.12"]
[EventType "swiss (blitz)"]
[EventRounds "11"]
[EventCountry "USA"]
[SourceTitle "EXT 2024"]
[Source "ChessBase"]
[SourceDate "2023.10.10"]
[SourceVersion "1"]
[SourceVersionDate "2023.10.10"]
[SourceQuality "1"]

1. d4 Nf6 2. Bg5 g6 3. Bxf6 exf6 4. c4 Bg7 5. Nc3 0-0 6. e3 f5 7. g3 d6 8. Nge2 Nd7 9. Bg2 Nf6 10. 0-0 c6 11. b4 d5 12. cxd5 cxd5 13. Qb3 Be6 14. Nf4 Qd6 15. Ncxd5 Nxd5 16. Bxd5 Bxd5 17. Nxd5 Rfd8 18. Nf4 Rac8 19. Rac1 Qa6 20. Qb2 g5 21. Ne2 Qd3 22. Rfd1 Rxc1 23. Rxc1 f4 24. gxf4 gxf4 25. Nxf4 Qf5 26. Qc2 Qg4+ 27. Ng2 h5 28. Qc7 Rd7 29. Qc8+ Kh7 30. Qc2+ Kg8 31. Qd1 Qg6 32. Rc8+ Kh7 33. Qc2 f5 34. Rc5 Rf7 35. Kh1 Qg4 36. Qd2 Bf8 37. Rc1 Bd6 38. Ne1 Qh3 39. f4 Qf3+ 40. Nxf3 1-0

[Event "Titled Tuesday intern op 22nd Aug Late"]
[Site "Chess.com INT"]
[Date "2023.08.22"]
[Round "2"]
[White "Alfaro Caracas, William"]
[Black "Vafin, Ayrat"]
[Result "0-1"]
[WhiteElo "2105"]
[BlackElo "2302"]
[PlyCount "56"]
[EventDate "2023.08.22"]
[EventType "swiss (blitz)"]
[EventRounds "11"]
[EventCountry "USA"]
[SourceTitle "EXT 2024"]
[Source "ChessBase"]
[SourceDate "2023.10.10"]
[SourceVersion "1"]
[SourceVersionDate "2023.10.10"]
[SourceQuality "1"]

1. e4 e5 2. Nf3 Nf6 3. Nxe5 d6 4. Nf3 Nxe4 5. Nc3 Nxc3 6. dxc3 Be7 7. Bc4 Nc6 8. 0-0 0-0 9. h3 Bf5 10. Nd4 Nxd4 11. cxd4 d5 12. Bd3 Bxd3 13. Qxd3 Bf6 14. Bf4 Re8 15. Rfe1 Qd7 16. c3 c6 17. Re3 Rxe3 18. Qxe3 Re8 19. Qd2 Qf5 20. Re1 Rxe1+ 21. Qxe1 h5 22. Qe8+ Kh7 23. Be5 Bh4 24. g3 Bg5 25. f4 Bh6 26. Kg2 h4 27. g4 Qc2+ 28. Kf3 Qe4+ 0-1

[Event "Titled Tuesday intern op 22nd Aug Early"]
[Site "Chess.com INT"]
[Date "2023.08.22"]
[Round "3"]
[White "Caspi, Israel"]
[Black "Alfaro Caracas, William"]
[Result "1-0"]
[WhiteElo "2468"]
[BlackElo "2105"]
[PlyCount "23"]
[EventDate "2023.08.22"]
[EventType "swiss (blitz)"]
[EventRounds "11"]
[EventCountry "USA"]
[SourceTitle "EXT 2024"]
[Source "ChessBase"]
[SourceDate "2023.10.10"]
[SourceVersion "1"]
[SourceVersionDate "2023.10.10"]
[SourceQuality "1"]

1. e4 c5 2. Nf3 e6 3. b3 d5 4. exd5 exd5 5. Bb5+ Nc6 6. 0-0 Nf6 7. d4 cxd4 8. Nxd4 Bd7 9. Re1+ Be7 10. Bxc6 bxc6 11. Ba3 Ne4 12. Bxe7 1-0

[Event "Titled Tuesday intern op 22nd Aug Late"]
[Site "Chess.com INT"]
[Date "2023.08.22"]
[Round "3"]
[White "Khodjimatov, Sherzod"]
[Black "Alfaro Caracas, William"]
[Result "1-0"]
[WhiteElo "2109"]
[BlackElo "2105"]
[PlyCount "59"]
[EventDate "2023.08.22"]
[EventType "swiss (blitz)"]
[EventRounds "11"]
[EventCountry "USA"]
[SourceTitle "EXT 2024"]
[Source "ChessBase"]
[SourceDate "2023.10.10"]
[SourceVersion "1"]
[SourceVersionDate "2023.10.10"]
[SourceQuality "1"]

1. e4 e5 2. Nf3 Nc6 3. Bb5 f5 4. d3 fxe4 5. dxe4 Nf6 6. Qe2 Bb4+ 7. c3 Bc5 8. Bg5 h6 9. Bh4 g5 10. Bg3 d6 11. Nbd2 Bd7 12. h3 a6 13. Bc4 Qe7 14. 0-0-0 b5 15. Bd5 Rb8 16. Nb3 Bb6 17. h4 g4 18. Ne1 Nd8 19. Nd2 c6 20. Bb3 a5 21. f4 Ne6 22. fxe5 dxe5 23. Bxe5 Nc5 24. Bxb8 a4 25. Bc2 a3 26. b4 Ne6 27. Be5 0-0 28. Nd3 Kh7 29. Nb3 Ng7 30. Bxf6 1-0

[Event "Caribean-chT 24th"]
[Site "San Salvador"]
[Date "2023.07.06"]
[Round "9.2"]
[White "Alfaro Caracas, William"]
[Black "Leon Archibaldo, Orlando Andres"]
[Result "1-0"]
[WhiteElo "2102"]
[BlackElo "2229"]
[PlyCount "97"]
[EventDate "2023.07.06"]
[EventType "tourn"]
[EventRounds "15"]
[EventCountry "ESA"]
[SourceTitle "CBM 215 Extra"]
[Source "ChessBase"]
[SourceDate "2023.09.30"]
[SourceVersion "1"]
[SourceVersionDate "2023.09.30"]
[SourceQuality "1"]
[WhiteTeam "Nicaragua"]
[BlackTeam "Panama"]
[WhiteTeamCountry "NCA"]
[BlackTeamCountry "PAN"]

1. e4 c5 2. d4 cxd4 3. c3 dxc3 4. Nxc3 Nc6 5. Nf3 e6 6. Bc4 a6 7. 0-0 b5 8. Bb3 Bb7 9. a4 b4 10. Nd5 d6 11. a5 Nge7 12. Nb6 Rb8 13. Be3 Ng6 14. Ba4 Nge7 15. Nd4 e5 16. Nf5 Nxf5 17. exf5 Be7 18. Rc1 0-0 19. Bxc6 Bxc6 20. Rxc6 d5 21. Qxd5 Qe8 22. Qc4 Bf6 23. Rc1 Rd8 24. Qxa6 e4 25. Bc5 Qxc6 26. Qc4 Rfe8 27. h3 Bxb2 28. Rb1 Bc3 29. Bxb4 Qxc4 30. Nxc4 Bxb4 31. Rxb4 Rd4 32. a6 Ra8 33. a7 Rdd8 34. Rb7 h6 35. Nb6 Rxa7 36. Rxa7 Rd1+ 37. Kh2 Rb1 38. Nd5 Rb5 39. Ne3 Rb2 40. Kg3 Rb4 41. Ra5 Kf8 42. h4 h5 43. f6 gxf6 44. Rxh5 Kg7 45. Ra5 Kg6 46. h5+ Kh6 47. Kf4 Rb2 48. Kxe4 Rxf2 49. Ng4+ 1-0

[Event "Caribean-chT 24th"]
[Site "San Salvador"]
[Date "2023.07.06"]
[Round "4.2"]
[White "Ynojosa Aponte, Felix Jose"]
[Black "Alfaro Caracas, William"]
[Result "1/2-1/2"]
[WhiteElo "2413"]
[BlackElo "2102"]
[PlyCount "113"]
[EventDate "2023.07.06"]
[EventType "tourn"]
[EventRounds "15"]
[EventCountry "ESA"]
[SourceTitle "CBM 215 Extra"]
[Source "ChessBase"]
[SourceDate "2023.09.30"]
[SourceVersion "1"]
[SourceVersionDate "2023.09.30"]
[SourceQuality "1"]
[WhiteTeam "Venezuela"]
[BlackTeam "Nicaragua"]
[WhiteTeamCountry "VEN"]
[BlackTeamCountry "NCA"]

1. e4 c5 2. c3 Nf6 3. e5 Nd5 4. d4 cxd4 5. cxd4 d6 6. Nf3 Nc6 7. Bc4 Nb6 8. Bb5 dxe5 9. Nxe5 Bd7 10. Bxc6 Bxc6 11. Nxc6 bxc6 12. 0-0 e6 13. Nc3 Be7 14. Qf3 0-0 15. Rd1 Nd5 16. Ne4 a5 17. Bf4 a4 18. a3 Qb6 19. Rd2 Rfd8 20. Be5 f6 21. Bg3 f5 22. Nc3 Bf6 23. Be5 Bxe5 24. dxe5 Nxc3 25. Qxc3 Rd5 26. Rc2 Rad8 27. h3 c5 28. Re1 h6 29. Qc4 Kh7 30. Qxa4 Qc7 31. Qf4 Rd4 32. Qf3 Rd3 33. Qe2 R8d5 34. Rec1 Qe7 35. Rxc5 Rd2 36. Qc4 Rxc5 37. Qxc5 Rd1+ 38. Kh2 Qxc5 39. Rxc5 Rd2 40. b4 Rxf2 41. a4 Ra2 42. a5 Ra4 43. Rb5 f4 44. Rb6 Ra2 45. Kg1 Kg6 46. Rxe6+ Kf5 47. Rc6 Kxe5 48. a6 Kd5 49. b5 Ra5 50. Rb6 g5 51. Rb7 h5 52. a7 g4 53. hxg4 hxg4 54. b6 g3 55. Rd7+ Kc6 56. Rd1 Kxb6 57. Kf1 1/2-1/2

[Event "Caribean-chT Rapid 24th"]
[Site "San Salvador"]
[Date "2023.07.05"]
[Round "15.2"]
[White "Alfaro Caracas, William"]
[Black "Smith, Shreyas"]
[Result "1-0"]
[WhiteElo "2056"]
[BlackElo "2124"]
[PlyCount "119"]
[EventDate "2023.07.03"]
[EventType "tourn (rapid)"]
[EventRounds "15"]
[EventCountry "ESA"]
[SourceTitle "CBM 215 Extra"]
[Source "ChessBase"]
[SourceDate "2023.09.30"]
[SourceVersion "1"]
[SourceVersionDate "2023.09.30"]
[SourceQuality "1"]
[WhiteTeam "Nicaragua"]
[BlackTeam "Jamaica"]
[WhiteTeamCountry "NCA"]
[BlackTeamCountry "JAM"]

1. d4 d5 2. Nf3 e6 3. c4 a6 4. g3 dxc4 5. Bg2 Nc6 6. 0-0 Rb8 7. a4 Nf6 8. e3 Bd6 9. Nfd2 Na5 10. Qc2 0-0 11. Nxc4 Nxc4 12. Qxc4 e5 13. d5 b5 14. axb5 axb5 15. Qc2 Qe7 16. e4 Bd7 17. Bg5 h6 18. Bxf6 Qxf6 19. Nd2 Ra8 20. Nb3 b4 21. Na5 Bb5 22. Rfc1 Ra6 23. Nb7 Rfa8 24. Rxa6 Rxa6 25. Nxd6 cxd6 26. Qc8+ Kh7 27. Qb8 Qg5 28. f4 exf4 29. Qxb5 f3 30. Re1 Qd2 31. Qf1 fxg2 32. Qf5+ Kg8 33. Qf2 Qd3 34. Kxg2 Ra2 35. Re2 b3 36. Qf3 Qc4 37. Rf2 Ra7 38. Rd2 Re7 39. Re2 f5 40. e5 Rxe5 41. Rxe5 dxe5 42. d6 Qe6 43. Qd1 f4 44. gxf4 exf4 45. d7 Qc6+ 46. Kf2 Qb6+ 47. Kf3 Qd8 48. Qd5+ Kh8 49. Kxf4 Qh4+ 50. Ke3 Qe1+ 51. Kd4 Qh4+ 52. Kc3 Qd8 53. Kxb3 Qb8+ 54. Kc2 Qxh2+ 55. Kb3 Qb8+ 56. Kc4 Qc7+ 57. Kb5 Qb8+ 58. Ka6 Qd8 59. Kb7 Qe7 60. Kc8 1-0

[Event "Caribean-chT Rapid 24th"]
[Site "San Salvador"]
[Date "2023.07.05"]
[Round "14.2"]
[White "Etienne, Angelo"]
[Black "Alfaro Caracas, William"]
[Result "1-0"]
[WhiteElo "2080"]
[BlackElo "2056"]
[PlyCount "86"]
[EventDate "2023.07.03"]
[EventType "tourn (rapid)"]
[EventRounds "15"]
[EventCountry "ESA"]
[SourceTitle "CBM 215 Extra"]
[Source "ChessBase"]
[SourceDate "2023.09.30"]
[SourceVersion "1"]
[SourceVersionDate "2023.09.30"]
[SourceQuality "1"]
[WhiteTeam "Haiti"]
[BlackTeam "Nicaragua"]
[WhiteTeamCountry "HAI"]
[BlackTeamCountry "NCA"]

1. Nf3 Nf6 2. g3 g6 3. Bg2 Bg7 4. 0-0 0-0 5. c4 d6 6. b3 e5 7. Bb2 Re8 8. d3 c6 9. e4 h6 10. Nc3 Bg4 11. h3 Be6 12. Ne2 Nbd7 13. Nh4 Nh7 14. Qd2 Nc5 15. Rad1 d5 16. cxd5 cxd5 17. Nc3 d4 18. Nd5 Bxd5 19. exd5 Nf6 20. Ba3 Rc8 21. Rc1 b6 22. Kh2 Qd7 23. Bxc5 bxc5 24. Qa5 Bf8 25. b4 e4 26. dxe4 Nxe4 27. bxc5 Qxd5 28. Rfd1 Rxc5 29. Rxc5 Qxc5 30. Qa4 Re6 31. Rxd4 Nc3 32. Qc4 Nxa2 33. Qd3 Nc1 34. Qd1 Ne2 35. Rd8 Qxf2 36. Rd3 Nxg3 37. Rf3 Qe2 38. Qd7 Re7 39. Qd5 Qe4 40. Rxg3 Qxd5 41. Bxd5 Kg7 42. Nf5+ Kf6 43. Nxe7 Kxe7 1-0

[Event "Caribean-chT Rapid 24th"]
[Site "San Salvador"]
[Date "2023.07.03"]
[Round "4.2"]
[White "Alfaro Caracas, William"]
[Black "Ibarra Chami, Luis Fernando"]
[Result "0-1"]
[WhiteElo "2056"]
[BlackElo "2429"]
[PlyCount "62"]
[EventDate "2023.07.03"]
[EventType "tourn (rapid)"]
[EventRounds "15"]
[EventCountry "ESA"]
[SourceTitle "CBM 215 Extra"]
[Source "ChessBase"]
[SourceDate "2023.09.30"]
[SourceVersion "1"]
[SourceVersionDate "2023.09.30"]
[SourceQuality "1"]
[WhiteTeam "Nicaragua"]
[BlackTeam "Mexico"]
[WhiteTeamCountry "NCA"]
[BlackTeamCountry "MEX"]

1. e4 c5 2. c3 d5 3. exd5 Nf6 4. d4 cxd4 5. cxd4 Nxd5 6. Nc3 e6 7. Nf3 Bb4 8. Bd2 0-0 9. Bd3 h6 10. 0-0 Nc6 11. Rc1 Nf6 12. a3 Be7 13. Re1 Nxd4 14. Nxd4 Qxd4 15. Be3 Qd8 16. Nb5 Bd7 17. Nxa7 Qa5 18. b4 Qxa3 19. Ra1 Qxb4 20. Rb1 Qa5 21. Rxb7 Bc5 22. Bd2 Qd8 23. Be3 Bxe3 24. Rxe3 Qa5 25. Nb5 Bc6 26. Rc7 Bxb5 27. Rc5 Qa4 28. Bc2 Qb4 29. Rcc3 Ba4 30. h3 Bxc2 31. Rxc2 Rfd8 0-1

[Event "Caribean-chT Rapid 24th"]
[Site "San Salvador"]
[Date "2023.07.03"]
[Round "2.2"]
[White "Alfaro Caracas, William"]
[Black "Ynojosa Aponte, Felix Jose"]
[Result "0-1"]
[WhiteElo "2056"]
[BlackElo "2406"]
[PlyCount "74"]
[EventDate "2023.07.03"]
[EventType "tourn (rapid)"]
[EventRounds "15"]
[EventCountry "ESA"]
[SourceTitle "CBM 215 Extra"]
[Source "ChessBase"]
[SourceDate "2023.09.30"]
[SourceVersion "1"]
[SourceVersionDate "2023.09.30"]
[SourceQuality "1"]
[WhiteTeam "Nicaragua"]
[BlackTeam "Venezuela"]
[WhiteTeamCountry "NCA"]
[BlackTeamCountry "VEN"]

1. e4 c5 2. c3 Nf6 3. e5 Nd5 4. d4 cxd4 5. Nf3 Nc6 6. cxd4 d6 7. Bc4 Nb6 8. Bb3 d5 9. Nh4 e6 10. Nf3 Be7 11. Nc3 Bd7 12. h4 h6 13. h5 Na5 14. Bc2 Nac4 15. a4 Bb4 16. 0-0 Rc8 17. Na2 Be7 18. Qd3 Qc7 19. Nc3 Bb4 20. Na2 Nxb2 21. Bxb2 Qxc2 22. Qxc2 Rxc2 23. Nxb4 Rxb2 24. Nd3 Rc2 25. Nc5 Bc6 26. Rfb1 Ke7 27. a5 Nc4 28. Nxb7 a6 29. Nd6 Rd8 30. Nxc4 dxc4 31. Rb6 Bb5 32. Rb1 c3 33. Rb3 Rc1+ 34. Kh2 Rc8 35. Rb7+ Ke8 36. d5 c2 37. dxe6 fxe6 0-1

[Event "Titled Tuesday intern op 07th Feb Early"]
[Site "Chess.com INT"]
[Date "2023.02.07"]
[Round "9"]
[White "Alfaro Caracas, William"]
[Black "Bashirli, Saadat"]
[Result "1-0"]
[WhiteElo "2134"]
[BlackElo "1597"]
[PlyCount "63"]
[EventDate "2023.02.07"]
[EventType "swiss (blitz)"]
[EventRounds "11"]
[EventCountry "USA"]
[SourceTitle "EXT 2024"]
[Source "ChessBase"]
[SourceDate "2023.10.10"]
[SourceVersion "1"]
[SourceVersionDate "2023.10.10"]
[SourceQuality "1"]

1. e4 e6 2. d4 d5 3. Nc3 Bb4 4. e5 c5 5. a3 Bxc3+ 6. bxc3 Nc6 7. Qg4 Kf8 8. Nf3 Nge7 9. h4 Nf5 10. Bd3 Qb6 11. Bxf5 exf5 12. Qf4 Be6 13. 0-0 Rc8 14. Be3 cxd4 15. cxd4 Ne7 16. Rab1 Qc6 17. Rb3 Ng6 18. Qg3 b6 19. h5 Ne7 20. h6 g6 21. Bg5 Qxc2 22. Rbb1 Qe4 23. Rbc1 Nc6 24. Bf6 Rg8 25. Ng5 Qg4 26. Qb3 f4 27. Rxc6 Rxc6 28. Qb4+ Rc5 29. dxc5 f3 30. cxb6+ Qxb4 31. axb4 axb6 32. Ra1 1-0

[Event "Titled Tuesday intern op 07th Feb Early"]
[Site "Chess.com INT"]
[Date "2023.02.07"]
[Round "6"]
[White "Alfaro Caracas, William"]
[Black "Hartikainen, Jarmo"]
[Result "1-0"]
[WhiteElo "2134"]
[BlackElo "2118"]
[PlyCount "79"]
[EventDate "2023.02.07"]
[EventType "swiss (blitz)"]
[EventRounds "11"]
[EventCountry "USA"]
[SourceTitle "EXT 2024"]
[Source "ChessBase"]
[SourceDate "2023.10.10"]
[SourceVersion "1"]
[SourceVersionDate "2023.10.10"]
[SourceQuality "1"]

1. e4 c5 2. Nf3 e6 3. d4 cxd4 4. Nxd4 Nc6 5. Nb5 d6 6. Bf4 e5 7. Be3 a6 8. N5a3 b5 9. c4 b4 10. Nc2 Nf6 11. Bg5 Be7 12. Bxf6 Bxf6 13. Ne3 Be6 14. Nd2 0-0 15. Nf3 Nd4 16. Be2 Nxf3+ 17. Bxf3 Rc8 18. b3 g6 19. Qd3 Bg7 20. Rd1 Rc6 21. h4 f5 22. h5 Qc8 23. hxg6 hxg6 24. exf5 gxf5 25. Bxc6 Qxc6 26. Qxd6 Rc8 27. Qxc6 Rxc6 28. Nd5 Bxd5 29. Rxd5 e4 30. Rxf5 Bc3+ 31. Ke2 Rd6 32. Rd1 Rg6 33. g3 Kg7 34. Rd7+ Kh6 35. Ke3 Re6 36. g4 Kg6 37. Rfd5 Bf6 38. R7d6 Bg5+ 39. Rxg5+ Kxg5 40. Rxe6 1-0

[Event "Titled Tuesday intern op 07th Feb Late"]
[Site "Chess.com INT"]
[Date "2023.02.07"]
[Round "5"]
[White "Alfaro Caracas, William"]
[Black "Necula, Iulian"]
[Result "0-1"]
[WhiteElo "2134"]
[BlackElo "1882"]
[PlyCount "80"]
[EventDate "2023.02.07"]
[EventType "swiss (blitz)"]
[EventRounds "11"]
[EventCountry "USA"]
[SourceTitle "EXT 2024"]
[Source "ChessBase"]
[SourceDate "2023.10.10"]
[SourceVersion "1"]
[SourceVersionDate "2023.10.10"]
[SourceQuality "1"]

1. e4 c5 2. Nf3 d6 3. d4 cxd4 4. Nxd4 Nf6 5. Nc3 g6 6. Bc4 Bg7 7. 0-0 0-0 8. Bb3 Nc6 9. Nde2 a5 10. a4 Nb4 11. h3 b6 12. Be3 Bb7 13. f3 Rc8 14. Qd2 e6 15. Rad1 d5 16. e5 Nd7 17. f4 Nc5 18. Nd4 Nxb3 19. cxb3 Ba6 20. Ncb5 Bxb5 21. Nxb5 Rc2 22. Qd4 Qh4 23. Rd2 Rfc8 24. Bf2 Rxd2 25. Bxh4 Rxd4 26. Nxd4 Bf8 27. Bf2 Bc5 28. Nb5 Nd3 29. Bxc5 bxc5 30. g3 Nxb2 31. g4 c4 32. bxc4 dxc4 33. f5 gxf5 34. gxf5 exf5 35. Nd6 Rc5 36. Rxf5 c3 37. Nxf7 c2 38. Nh6+ Kg7 39. Rf6 c1Q+ 40. Kg2 Qxh6 0-1

[Event "Titled Tuesday intern op 07th Feb Early"]
[Site "Chess.com INT"]
[Date "2023.02.07"]
[Round "8"]
[White "Alfaro Caracas, William"]
[Black "Royal, Shreyas"]
[Result "0-1"]
[WhiteElo "2134"]
[BlackElo "2452"]
[PlyCount "92"]
[EventDate "2023.02.07"]
[EventType "swiss (blitz)"]
[EventRounds "11"]
[EventCountry "USA"]
[SourceTitle "EXT 2024"]
[Source "ChessBase"]
[SourceDate "2023.10.10"]
[SourceVersion "1"]
[SourceVersionDate "2023.10.10"]
[SourceQuality "1"]

1. e4 c5 2. Nf3 d6 3. d4 cxd4 4. Nxd4 Nf6 5. Nc3 a6 6. Bg5 e6 7. f4 Qb6 8. a3 Nc6 9. Nxc6 Qxc6 10. Bd3 Be7 11. Bh4 b5 12. 0-0 Bb7 13. Qe2 e5 14. Bxf6 Bxf6 15. Nd5 Qc5+ 16. Kh1 Bxd5 17. exd5 0-0 18. f5 e4 19. Qxe4 Rfe8 20. Qf3 Bxb2 21. Rae1 Bf6 22. g4 h6 23. Kg2 Qxa3 24. Kg3 Qc3 25. Rxe8+ Rxe8 26. h4 Qd4 27. g5 hxg5 28. hxg5 Bxg5 29. f6 Re3 30. fxg7 Qf4+ 31. Kg2 Rxf3 32. Rxf3 Qd2+ 33. Rf2 Qe3 34. Rf3 Qe5 35. Rf5 Qe7 36. Kg3 Kxg7 37. Kg4 f6 38. Rf3 Qf7 39. Rh3 Qxd5 40. Rh7+ Kg8 41. Rd7 Qe6+ 42. Bf5 Qe2+ 43. Kg3 Qe3+ 44. Kg4 Qf4+ 45. Kh5 Qh4+ 46. Kg6 Qh6# 0-1

[Event "Titled Tuesday intern op 07th Feb Early"]
[Site "Chess.com INT"]
[Date "2023.02.07"]
[Round "5"]
[White "Kuchava, Ana"]
[Black "Alfaro Caracas, William"]
[Result "1/2-1/2"]
[WhiteElo "2101"]
[BlackElo "2134"]
[PlyCount "220"]
[EventDate "2023.02.07"]
[EventType "swiss (blitz)"]
[EventRounds "11"]
[EventCountry "USA"]
[SourceTitle "EXT 2024"]
[Source "ChessBase"]
[SourceDate "2023.10.10"]
[SourceVersion "1"]
[SourceVersionDate "2023.10.10"]
[SourceQuality "1"]

1. d4 Nf6 2. Nf3 g6 3. c4 Bg7 4. Nc3 d6 5. e4 0-0 6. Be2 e5 7. 0-0 Nc6 8. Be3 Ng4 9. Bg5 f6 10. Bc1 Nh6 11. h3 g5 12. d5 Ne7 13. Ne1 Ng6 14. Bg4 f5 15. exf5 Nxf5 16. Ne4 h6 17. Qd3 b6 18. g3 Nd4 19. Nxg5 Bxg4 20. hxg4 hxg5 21. Qxg6 Rf6 22. Qxg5 Qf8 23. Be3 Ne2+ 24. Kg2 Qf7 25. Qh5 Qxh5 26. gxh5 Raf8 27. Nd3 Bh6 28. Bxh6 Rxh6 29. Rh1 Kh7 30. Rh4 Rg8 31. Re1 Nd4 32. Nxe5 dxe5 33. Rxe5 Nc2 34. a3 Rg7 35. Re2 Na1 36. b4 a5 37. Ra2 Nb3 38. Rb2 a4 39. g4 Rf6 40. Re2 Kh6 41. Re6 Rxe6 42. dxe6 Re7 43. f4 Rxe6 44. g5+ Kh7 45. g6+ Kh6 46. f5 Re2+ 47. Kf3 Re1 48. Rh2 Rf1+ 49. Rf2 Nd4+ 50. Ke3 Rxf2 51. Kxf2 Nxf5 52. c5 Ng7 53. cxb6 cxb6 54. Ke3 Nxh5 55. Kd4 Kxg6 56. Kc4 Nf6 57. Kb5 Nd7 58. Kxa4 Kf6 59. Kb5 Ke6 60. a4 Kd6 61. a5 Kc7 62. axb6+ Nxb6 63. Kc5 Kb7 64. b5 Na4+ 65. Kb4 Nb2 66. Kc3 Nd1+ 67. Kd2 Nf2 68. Ke2 Ng4 69. Kf3 Ne5+ 70. Kf4 Nd7 71. Kf5 Kb6 72. Kg4 Nc5 73. Kh4 Ne6 74. Kh3 Nd4 75. Kg3 Ne6 76. Kg2 Nc5 77. Kf2 Nd7 78. Kg3 Nb8 79. Kg4 Nd7 80. Kg5 Nf8 81. Kf6 Nh7+ 82. Ke7 Ng5 83. Kd7 Nf3 84. Kd6 Nd4 85. Kd5 Nb3 86. Kc4 Na5+ 87. Kd4 Nb7 88. Kc3 Nd8 89. Kb4 Ne6 90. Kc4 Kb7 91. Kd5 Nc7+ 92. Kd6 Kb6 93. Kd7 Nd5 94. Kd6 Nc3 95. Ke5 Na4 96. Kd4 Nc5 97. Kc4 Nd7 98. Kd5 Nb8 99. Kd6 Kb7 100. Ke7 Kc7 101. Ke6 Nd7 102. Kd5 Kb6 103. Kd6 Nf8 104. Kd5 Ng6 105. Kc4 Nh4 106. Kb4 Nf5 107. Kc3 Ne3 108. Kb3 Nf5 109. Kb4 Nd6 110. Kc3 Nxb5+ 1/2-1/2